ბათუმის შოთა რუსთაველის სახელმწიფო უნივერსიტეტის ბიბლიოთეკა

ანთროპოლოგიური ფილმი. (ბიბ.ჩანაწერი № 40020)

000 -LEADER
fixed length control field 00965nam a2200241Ia 4500
001 - CONTROL NUMBER
control field 6626
003 - CONTROL NUMBER IDENTIFIER
control field GE_BSU
008 - FIXED-LENGTH DATA ELEMENTS--GENERAL INFORMATION
fixed length control field 181216s||||||||xx |||||||||||||| ||und||
020 ## - INTERNATIONAL STANDARD BOOK NUMBER
International Standard Book Number 9789941125928.
040 ## - CATALOGING SOURCE
Transcribing agency GE_BSU
080 ## - UNIVERSAL DECIMAL CLASSIFICATION NUMBER
Universal Decimal Classification number 791.229.2:572+791.229.2:39
100 ## - MAIN ENTRY--PERSONAL NAME
Personal name მანუჩარ,ლორია.
245 ## - TITLE STATEMENT
Title ანთროპოლოგიური ფილმი.
245 ## - TITLE STATEMENT
Statement of responsibility, etc. რედ:ნუგზარ,მგელაძე.
250 ## - EDITION STATEMENT
Edition statement შოთა რუსთაველის სახ.უნ-ტი.ნიკო ბერძენიშვილის ინ-ტი.სტუდია ,,ანთროპო".
260 ## - PUBLICATION, DISTRIBUTION, ETC.
Place of publication, distribution, etc. თბილისი.
260 ## - PUBLICATION, DISTRIBUTION, ETC.
Name of publisher, distributor, etc. უნივერსალი.
260 ## - PUBLICATION, DISTRIBUTION, ETC.
Date of publication, distribution, etc. 2009.
300 ## - PHYSICAL DESCRIPTION
Extent 99გვ;20სმ.
300 ## - PHYSICAL DESCRIPTION
Other physical details ილ.
653 ## - INDEX TERM--UNCONTROLLED
Uncontrolled term ანთროპოლოგიური ფილმები; ეთნოგრაფიული ფილმები;
942 ## - ADDED ENTRY ELEMENTS (KOHA)
Koha item type წიგნი

არაა ხელმისაწვდომი ეგზემპლარები.